[Event "Berlin-ch QT"]
[Site "Berlin"]
[Date "2019.04.27"]
[Round "8"]
[White "Steiner, Wolfram"]
[Black "Otter, Nils"]
[Result "1/2-1/2"]
[WhiteElo "1946"]
[BlackElo "1745"]
[PlyCount "59"]
[EventDate "2019.04.20"]
[EventType "swiss"]
[EventRounds "9"]
[EventCountry "GER"]
[SourceTitle "EXT 2020"]
[Source "ChessBase"]
[SourceDate "2019.10.17"]
[SourceVersion "1"]
[SourceVersionDate "2019.10.17"]
[SourceQuality "1"]

1. Nf3 Nf6 2. g3 b5 3. Bg2 Bb7 4. 0-0 e6 5. a4 b4 6. c4 c5 7. b3 Be7 8. Bb2 0-0 9. d3 d6 10. Nbd2 Nbd7 11. e4 e5 12. Ne1 Ne8 13. Nc2 g6 14. Ne3 Ng7 15. Qe2 f5 16. exf5 Bxg2 17. Kxg2 Nxf5 18. Nd5 Nf6 19. Nxf6+ Bxf6 20. Qe4 Qd7 21. Rae1 Rad8 22. Qd5+ Qf7 23. Qxf7+ Rxf7 24. Ne4 Bg7 25. Ng5 Re7 26. h4 h6 27. Ne4 Rf7 28. Rh1 Bf6 29. Bc1 Kg7 30. Bb2 1/2-1/2

[Event "Berlin-ch QT"]
[Site "Berlin"]
[Date "2019.04.20"]
[Round "1"]
[White "Rausch, Erik"]
[Black "Steiner, Wolfram"]
[Result "1/2-1/2"]
[WhiteElo "1726"]
[BlackElo "1946"]
[PlyCount "65"]
[EventDate "2019.04.20"]
[EventType "swiss"]
[EventRounds "9"]
[EventCountry "GER"]
[SourceTitle "EXT 2020"]
[Source "ChessBase"]
[SourceDate "2019.10.17"]
[SourceVersion "1"]
[SourceVersionDate "2019.10.17"]
[SourceQuality "1"]

1. c4 c6 2. Nc3 d5 3. cxd5 cxd5 4. d4 Nf6 5. e3 Nc6 6. Nf3 g6 7. Bd3 Bg7 8. 0-0 0-0 9. a3 a6 10. b4 Bg4 11. Be2 Rc8 12. Bb2 Qd6 13. h3 Bd7 14. Rc1 Ne4 15. Nxe4 dxe4 16. Nd2 f5 17. Nc4 Qb8 18. Nb6 Rcd8 19. Qb3+ Kh8 20. Bc4 f4 21. Nxd7 Rxd7 22. Bd5 f3 23. Bxe4 fxg2 24. Bxg2 Qd6 25. Qc2 Nd8 26. d5 Nf7 27. Bxg7+ Kxg7 28. Qc3+ Qf6 29. f4 Nd6 30. Qxf6+ exf6 31. e4 Re8 32. Rfe1 Rde7 33. Rc3 1/2-1/2

[Event "Berlin Cup KO"]
[Site "Berlin"]
[Date "2018.08.30"]
[Round "1.13"]
[White "Steiner, Wolfram"]
[Black "Windmueller, Werner"]
[Result "1-0"]
[WhiteElo "1919"]
[BlackElo "1485"]
[PlyCount "137"]
[EventDate "2018.08.30"]
[EventType "k.o."]
[EventRounds "5"]
[EventCountry "GER"]
[SourceTitle "EXT 2022"]
[Source "ChessBase"]
[SourceDate "2021.10.06"]
[SourceVersion "1"]
[SourceVersionDate "2021.10.06"]
[SourceQuality "1"]

1. d4 d5 2. Bf4 e6 3. e3 Nf6 4. Nd2 Bd6 5. Bg3 a6 6. Bd3 Nc6 7. f4 Nb4 8. Be2 b5 9. c3 Nc6 10. Bd3 Na5 11. Qf3 Bd7 12. e4 dxe4 13. Nxe4 Be7 14. Ne2 Bc6 15. 0-0 Nxe4 16. Bxe4 Bxe4 17. Qxe4 Nc4 18. Qc6+ Kf8 19. b3 Ne3 20. Rf3 Nf5 21. Rd1 Bd6 22. Bf2 Ne7 23. Qe4 Rb8 24. g4 g6 25. Bh4 Qd7 26. Bf6 Rg8 27. Kh1 Nd5 28. Be5 f5 29. gxf5 gxf5 30. Qd3 Kf7 31. Rh3 Kf8 32. Qf3 Qf7 33. c4 bxc4 34. bxc4 Ne7 35. Bxd6 cxd6 36. Qa3 Nc8 37. Qxa6 Qb7+ 38. Qxb7 Rxb7 39. Rb3 Rc7 40. Rc1 Kf7 41. a4 Ra7 42. Ra1 Ne7 43. Nc3 Rga8 44. Nb5 Ra6 45. Rba3 Rc8 46. Rc3 Ng6 47. c5 dxc5 48. Rxc5 Rd8 49. a5 Nxf4 50. Rc7+ Kg8 51. Rb7 Rda8 52. Nc7 Rxa5 53. Rg1+ Kh8 54. Nxa8 Rxa8 55. h4 Rg8 56. Rxg8+ Kxg8 57. Kh2 h6 58. Rd7 Kh8 59. Kg3 Nh5+ 60. Kf3 Kg8 61. Re7 Ng7 62. Kf4 Kf8 63. Ra7 Kg8 64. Ke5 Kf8 65. Kf6 Nh5+ 66. Kxe6 f4 67. d5 Ng7+ 68. Ke5 f3 69. Ra3 1-0

[Event "Berlin Eckbauer op 19th"]
[Site "Berlin"]
[Date "2016.11.14"]
[Round "5"]
[White "Weber, Erwin"]
[Black "Steiner, Wolfram"]
[Result "0-1"]
[WhiteElo "2080"]
[BlackElo "1944"]
[PlyCount "106"]
[EventDate "2016.10.10"]
[EventType "swiss"]
[EventRounds "7"]
[EventCountry "GER"]
[SourceTitle "EXT 2022"]
[Source "ChessBase"]
[SourceDate "2021.10.06"]
[SourceVersion "1"]
[SourceVersionDate "2021.10.06"]
[SourceQuality "1"]

1. Nf3 d5 2. d4 Nf6 3. e3 c6 4. c4 Bf5 5. Nc3 e6 6. Qb3 Qc7 7. Bd2 Nbd7 8. cxd5 exd5 9. Rc1 Rc8 10. Be2 Be7 11. 0-0 0-0 12. Nh4 Be6 13. Nf3 Ne4 14. Qd1 Qb8 15. Ne1 Bd6 16. f4 f5 17. Nf3 Rce8 18. Be1 Ndf6 19. Ne5 Kh8 20. h3 Nxc3 21. bxc3 Ne4 22. Bh4 Bxe5 23. dxe5 b5 24. Bd3 Qb6 25. Qe2 Rb8 26. g4 fxg4 27. hxg4 Bxg4 28. Qe1 Qc7 29. Bxe4 dxe4 30. Qg3 Qd7 31. Be7 Qxe7 32. Qxg4 Rbd8 33. Qg2 Qh4 34. Rf2 Rd3 35. Qxe4 Qg3+ 36. Qg2 Qxg2+ 37. Kxg2 Rxe3 38. Rd1 h5 39. Rf3 Rxf3 40. Kxf3 g5 41. Rd6 Rxf4+ 42. Ke3 Kg7 43. Rxc6 Kf7 44. Rd6 h4 45. Rh6 Rc4 46. Kd3 Kg7 47. Rf6 h3 48. Rf5 Rg4 49. e6 h2 50. e7 h1Q 51. e8Q Qd1+ 52. Ke3 Qe1+ 53. Kf3 Rg3# 0-1

[Event "Berlin Eckbauer op 19th"]
[Site "Berlin"]
[Date "2016.10.10"]
[Round "1"]
[White "Schmidt, Michael3"]
[Black "Steiner, Wolfram"]
[Result "0-1"]
[WhiteElo "1515"]
[BlackElo "1944"]
[PlyCount "32"]
[EventDate "2016.10.10"]
[EventType "swiss"]
[EventRounds "7"]
[EventCountry "GER"]
[SourceTitle "EXT 2022"]
[Source "ChessBase"]
[SourceDate "2021.10.06"]
[SourceVersion "1"]
[SourceVersionDate "2021.10.06"]
[SourceQuality "1"]

1. e4 e6 2. d4 d5 3. e5 c5 4. c3 Nc6 5. Nf3 Bd7 6. a3 f6 7. b4 cxd4 8. cxd4 Rc8 9. Bf4 fxe5 10. dxe5 Nge7 11. Bd3 g6 12. Ng5 Bg7 13. Nxh7 Rxh7 14. Qg4 Kf7 15. Bg5 Nxe5 16. Qf4+ Kg8 0-1

[Event "Berlin Eckbauer op 18th"]
[Site "Berlin"]
[Date "2015.11.02"]
[Round "4"]
[White "Steiner, Wolfram"]
[Black "Kutschke, Jens"]
[Result "1/2-1/2"]
[WhiteElo "1956"]
[BlackElo "2005"]
[PlyCount "70"]
[EventDate "2015.10.05"]
[EventType "swiss"]
[EventRounds "7"]
[EventCountry "GER"]
[SourceTitle "EXT 2022"]
[Source "ChessBase"]
[SourceDate "2021.10.06"]
[SourceVersion "1"]
[SourceVersionDate "2021.10.06"]
[SourceQuality "1"]

1. e4 e6 2. d4 d5 3. Nd2 Nf6 4. Bd3 c5 5. c3 cxd4 6. cxd4 dxe4 7. Nxe4 Bb4+ 8. Nc3 Nc6 9. Nf3 Qa5 10. 0-0 0-0 11. Ne4 Nxe4 12. Bxe4 Ne7 13. Ne5 Ng6 14. Nxg6 hxg6 15. Qf3 Qb6 16. Rd1 Rb8 17. Be3 Bd6 18. d5 Bc5 19. Qg3 Bxe3 20. Qxb8 Bxf2+ 21. Kh1 exd5 22. Bf3 d4 23. Rac1 Be6 24. Qxb7 Qxb7 25. Bxb7 Rb8 26. Rc2 Be3 27. Be4 Bxa2 28. Ra1 Bb3 29. Rc7 Be6 30. Rcxa7 Rxb2 31. Ra8+ Kh7 32. h4 Bf5 33. Bxf5 gxf5 34. Rd8 Rb3 35. Rd7 d3 1/2-1/2

[Event "Berlin Cup final"]
[Site "Berlin"]
[Date "2015.09.17"]
[Round "3.2"]
[White "Steiner, Wolfram"]
[Black "Meyer Dunker, Paul"]
[Result "0-1"]
[WhiteElo "1879"]
[BlackElo "1942"]
[PlyCount "74"]
[EventDate "2015.09.17"]
[EventType "k.o."]
[EventRounds "6"]
[EventCountry "GER"]
[SourceTitle "EXT 2022"]
[Source "ChessBase"]
[SourceDate "2021.10.06"]
[SourceVersion "1"]
[SourceVersionDate "2021.10.06"]
[SourceQuality "1"]

1. d4 d5 2. Nf3 Nf6 3. e3 e6 4. Bd3 c5 5. c3 Nc6 6. 0-0 Bd6 7. Nbd2 c4 8. Bc2 b5 9. e4 dxe4 10. Nxe4 Bb7 11. Re1 Ne7 12. Bg5 Ned5 13. Ne5 h6 14. Nxd6+ Qxd6 15. Bd2 Rc8 16. Qf3 Rc7 17. Qh3 g5 18. Bxg5 Qf8 19. Bxf6 Nxf6 20. f3 Rg8 21. Kf2 Nd5 22. g3 b4 23. Ba4+ Kd8 24. Rac1 bxc3 25. Qh4+ Kc8 26. bxc3 Qa3 27. Bb5 Nxc3 28. Bxc4 Rxc4 29. Nxc4 Qxa2+ 30. Ke3 Nd5+ 31. Ke4 Kb8 32. Qxh6 Qf2 33. Qd2 Nb6+ 34. Kf4 Qxf3+ 35. Ke5 Qf5+ 36. Kd6 Nc8+ 37. Kd7 Qb5# 0-1

[Event "Berlin Lichtenberger op 14th"]
[Site "Berlin"]
[Date "2015.08.19"]
[Round "5"]
[White "Ziems, Michael"]
[Black "Steiner, Wolfram"]
[Result "0-1"]
[WhiteElo "1821"]
[BlackElo "1968"]
[PlyCount "92"]
[EventDate "2015.08.15"]
[EventType "swiss"]
[EventRounds "9"]
[EventCountry "GER"]
[SourceTitle "EXT 2016"]
[Source "ChessBase"]
[SourceDate "2015.10.08"]
[SourceVersion "1"]
[SourceVersionDate "2015.10.08"]
[SourceQuality "1"]

1. d4 d5 2. c4 c6 3. Nc3 Nf6 4. Bf4 dxc4 5. e4 b5 6. Nf3 e6 7. Qc2 Bb7 8. Be2 a6 9. Rd1 Nbd7 10. 0-0 Be7 11. h3 0-0 12. Nh2 Re8 13. Bf3 Qc8 14. g4 Nf8 15. g5 N6d7 16. d5 exd5 17. exd5 Ng6 18. Bg3 cxd5 19. Nxd5 Bxg5 20. Nc7 Nde5 21. Bxb7 Qxb7 22. Nxa8 Bf4 23. Rfe1 Bxg3 24. fxg3 Qxa8 25. Qe4 Qxe4 26. Rxe4 f5 27. Re2 Rc8 28. Kf2 Nd3+ 29. Kf1 f4 30. gxf4 Ngxf4 31. Rc2 Rf8 32. Kg1 Nxh3+ 33. Kg2 Nhf4+ 34. Kg3 Nd5 35. Re2 N5f4 36. Red2 g6 37. Ng4 Kg7 38. a3 h5 39. Ne3 Re8 40. Ng2 Ne2+ 41. Kf3 Nd4+ 42. Kg3 g5 43. Rf1 Kg6 44. Rfd1 h4+ 45. Nxh4+ gxh4+ 46. Kxh4 Nf3+ 0-1

[Event "Berlin-ch QT"]
[Site "Berlin"]
[Date "2015.04.10"]
[Round "8"]
[White "Heldt, Ronny"]
[Black "Steiner, Wolfram"]
[Result "0-1"]
[WhiteElo "1859"]
[BlackElo "1957"]
[PlyCount "84"]
[EventDate "2015.04.03"]
[EventType "swiss"]
[EventRounds "9"]
[EventCountry "GER"]
[SourceTitle "EXT 2022"]
[Source "ChessBase"]
[SourceDate "2021.10.06"]
[SourceVersion "1"]
[SourceVersionDate "2021.10.06"]
[SourceQuality "1"]

1. d4 d5 2. c4 c6 3. Nf3 Nf6 4. e3 Bf5 5. Nc3 e6 6. Be2 Nbd7 7. Nh4 Bg6 8. Qb3 Qc7 9. h3 Be7 10. Nxg6 hxg6 11. Bd2 Ne4 12. Nxe4 dxe4 13. Rc1 a5 14. a4 g5 15. d5 Nc5 16. Qa2 e5 17. Bc3 g4 18. Kd2 gxh3 19. Rxh3 Rxh3 20. gxh3 Bh4 21. Rg1 g6 22. Ke1 Qe7 23. Qa3 b6 24. b4 Qf6 25. Rg2 Nd3+ 26. Bxd3 exd3 27. Qb2 Qf3 28. Rh2 axb4 29. Bxb4 Qxe3+ 30. Kf1 Qe2+ 31. Qxe2 dxe2+ 32. Kxe2 Rxa4 33. Bd6 cxd5 34. cxd5 Rd4 35. Bc7 Bd8 36. Bxd8 Kxd8 37. h4 Rxd5 38. h5 gxh5 39. Rxh5 Ke7 40. Rh8 Rb5 41. Rb8 Ke6 42. Re8+ Kf5 0-1

[Event "Berlin Eckbauer op 17th"]
[Site "Berlin"]
[Date "2014.11.10"]
[Round "5"]
[White "Steiner, Wolfram"]
[Black "Prix, Siegfried"]
[Result "1-0"]
[WhiteElo "1982"]
[BlackElo "1764"]
[PlyCount "61"]
[EventDate "2014.10.06"]
[EventType "swiss"]
[EventRounds "7"]
[EventCountry "GER"]
[SourceTitle "EXT 2022"]
[Source "ChessBase"]
[SourceDate "2021.10.06"]
[SourceVersion "1"]
[SourceVersionDate "2021.10.06"]
[SourceQuality "1"]

1. d4 d5 2. Nc3 Nf6 3. Bg5 e6 4. Nf3 c5 5. e4 h6 6. Bxf6 Qxf6 7. exd5 cxd4 8. Qxd4 Qxd4 9. Nxd4 e5 10. Ndb5 Na6 11. 0-0-0 Bc5 12. Ne4 0-0 13. Nxc5 Nxc5 14. Be2 Bf5 15. Nd6 Bg6 16. b4 Na4 17. c4 Nc3 18. Rd2 b6 19. Kb2 Ne4 20. Nxe4 Bxe4 21. f3 Bf5 22. Re1 Rfe8 23. Bd3 Bd7 24. c5 bxc5 25. bxc5 Rab8+ 26. Kc1 Rb4 27. c6 Bc8 28. d6 Rd4 29. d7 Bxd7 30. cxd7 Rxd7 31. Bh7+ 1-0

[Event "Berlin Eckbauer op 17th"]
[Site "Berlin"]
[Date "2014.10.27"]
[Round "3"]
[White "Steiner, Wolfram"]
[Black "Strick, Gregor"]
[Result "0-1"]
[WhiteElo "1982"]
[BlackElo "1848"]
[PlyCount "118"]
[EventDate "2014.10.06"]
[EventType "swiss"]
[EventRounds "7"]
[EventCountry "GER"]
[SourceTitle "EXT 2022"]
[Source "ChessBase"]
[SourceDate "2021.10.06"]
[SourceVersion "1"]
[SourceVersionDate "2021.10.06"]
[SourceQuality "1"]

1. Nf3 Nf6 2. g3 g6 3. Bg2 Bg7 4. 0-0 0-0 5. c4 d6 6. Nc3 c6 7. d4 Qa5 8. Bd2 Qh5 9. Re1 Bh3 10. Bh1 h6 11. Qb3 b6 12. d5 c5 13. e4 Nbd7 14. Ne2 g5 15. Qd3 Ng4 16. Bc3 Nge5 17. Nxe5 Nxe5 18. Bxe5 Bxe5 19. Bf3 Bg4 20. Bxg4 Qxg4 21. Kg2 Bxb2 22. Rab1 Be5 23. h3 Qd7 24. f4 gxf4 25. gxf4 Bf6 26. Ng3 Bh4 27. Kh2 Kh8 28. Rg1 Bxg3+ 29. Qxg3 Rg8 30. Qh4 Kh7 31. Rg5 Qa4 32. Rbg1 Qc2+ 33. R1g2 Qxe4 34. R5g4 Rg6 35. f5 Rxg4 36. hxg4 Rg8 37. f6 Qe5+ 38. Kh3 exf6 39. Rf2 Rg5 40. Qg3 Qxg3+ 41. Kxg3 Kg6 42. Kf4 f5 43. Re2 Rxg4+ 44. Kf3 Re4 45. Rg2+ Kh7 46. Rc2 h5 47. Rh2 h4 48. Rc2 Kh6 49. Rg2 Rxc4 50. Rg8 h3 51. Rd8 Kg7 52. Kg3 Rh4 53. Kh2 f4 54. Re8 f3 55. Re1 f2 56. Rf1 Rf4 57. Kxh3 Kf6 58. Kg2 Ke5 59. Kg3 Rf6 0-1

[Event "Berlin Lichtenberger op 13th"]
[Site "Berlin"]
[Date "2014.08.24"]
[Round "9"]
[White "Steiner, Wolfram"]
[Black "Getzuhn, Detlef"]
[Result "1/2-1/2"]
[WhiteElo "1995"]
[BlackElo "1896"]
[PlyCount "61"]
[EventDate "2014.08.16"]
[EventType "swiss"]
[EventRounds "9"]
[EventCountry "GER"]
[SourceTitle "CBM 161 Extra"]
[Source "ChessBase"]
[SourceDate "2014.08.29"]
[SourceVersion "1"]
[SourceVersionDate "2014.08.29"]
[SourceQuality "1"]

1. d4 d5 2. Nf3 Nf6 3. g3 Bf5 4. Bg2 h6 5. 0-0 e6 6. c4 c6 7. Nc3 Bd6 8. b3 Nbd7 9. Bb2 0-0 10. Rc1 a6 11. c5 Bc7 12. Nh4 Bh7 13. f4 Ne8 14. Nf3 f5 15. b4 g5 16. e3 g4 17. Ne5 Nxe5 18. dxe5 h5 19. Ne2 Bg6 20. Nd4 Ng7 21. a4 Be8 22. Qb3 Bd7 23. Rfd1 Qe8 24. Ba3 h4 25. Kf2 Qh5 26. Rh1 Qh6 27. Rcg1 Nh5 28. Ne2 h3 29. Bf1 Rfb8 30. Nd4 b5 31. a5 1/2-1/2

[Event "Berlin-ch QT"]
[Site "Berlin"]
[Date "2014.04.24"]
[Round "6"]
[White "Lorenz, Joerg"]
[Black "Steiner, Wolfram"]
[Result "1/2-1/2"]
[WhiteElo "2171"]
[BlackElo "1973"]
[PlyCount "83"]
[EventDate "2014.04.19"]
[EventType "swiss"]
[EventRounds "9"]
[EventCountry "GER"]
[SourceTitle "EXT 2022"]
[Source "ChessBase"]
[SourceDate "2021.10.06"]
[SourceVersion "1"]
[SourceVersionDate "2021.10.06"]
[SourceQuality "1"]

1. e4 e6 2. d4 d5 3. e5 c5 4. c3 Nc6 5. Nf3 Bd7 6. Bd3 cxd4 7. cxd4 Qb6 8. Nc3 Nxd4 9. Nxd4 Qxd4 10. 0-0 a6 11. Qe2 Rc8 12. Rd1 Bc5 13. g3 Ne7 14. a3 b5 15. Bf4 h6 16. h4 g5 17. hxg5 hxg5 18. Bxg5 Rg8 19. Bxe7 Kxe7 20. Kg2 Qg4 21. Qxg4 Rxg4 22. Be2 Rg7 23. f4 Rcg8 24. g4 d4 25. Na2 Bc6+ 26. Kg3 Be4 27. g5 Rh7 28. Nb4 Rgh8 29. Bf1 Rh2 30. Nd3 Bxd3 31. Rxd3 Rc2 32. b4 Bb6 33. Bg2 Rhc8 34. Rad1 R8c3 35. Bb7 a5 36. Ba6 axb4 37. axb4 Rb2 38. Bxb5 Rxb4 39. Ba6 Rb2 40. Rf3 Ra2 41. Bd3 Bc5 42. Kg4 1/2-1/2

[Event "Berlin Eckbauer op 16th"]
[Site "Berlin"]
[Date "2013.11.18"]
[Round "7"]
[White "Landt, Stefan"]
[Black "Steiner, Wolfram"]
[Result "1-0"]
[WhiteElo "1927"]
[BlackElo "1978"]
[PlyCount "71"]
[EventDate "2013.10.07"]
[EventType "swiss"]
[EventRounds "7"]
[EventCountry "GER"]
[SourceTitle "EXT 2022"]
[Source "ChessBase"]
[SourceDate "2021.10.06"]
[SourceVersion "1"]
[SourceVersionDate "2021.10.06"]
[SourceQuality "1"]

1. d4 Nf6 2. c4 e5 3. dxe5 Ng4 4. Nf3 Bc5 5. e3 Nc6 6. Be2 Ngxe5 7. Nc3 Nxf3+ 8. Bxf3 Ne5 9. Be2 0-0 10. b3 Re8 11. Bb2 a5 12. 0-0 Ra6 13. Nd5 Rh6 14. Bd4 Qh4 15. h3 d6 16. Nf4 Ng6 17. g3 Qg5 18. Bxc5 Nxf4 19. exf4 Qxc5 20. Bg4 Bxg4 21. Qxg4 f5 22. Qf3 c6 23. Kg2 Rhe6 24. Rad1 a4 25. Qd3 a3 26. Rd2 g6 27. Rfd1 h5 28. b4 Qa7 29. Rb1 h4 30. Rb3 hxg3 31. Kxg3 Kf7 32. Rxa3 Qb8 33. b5 d5 34. bxc6 Re4 35. Qf3 d4 36. cxb7 1-0

[Event "Berlin Eckbauer op 16th"]
[Site "Berlin"]
[Date "2013.10.21"]
[Round "3"]
[White "Steiner, Wolfram"]
[Black "Von Herman, Ulf"]
[Result "0-1"]
[WhiteElo "1978"]
[BlackElo "2391"]
[PlyCount "60"]
[EventDate "2013.10.07"]
[EventType "swiss"]
[EventRounds "7"]
[EventCountry "GER"]
[SourceTitle "EXT 2022"]
[Source "ChessBase"]
[SourceDate "2021.10.06"]
[SourceVersion "1"]
[SourceVersionDate "2021.10.06"]
[SourceQuality "1"]

1. e4 c5 2. Nf3 Nc6 3. Bb5 g6 4. Bxc6 dxc6 5. 0-0 Bg7 6. d3 Nf6 7. Nbd2 0-0 8. Qe2 Re8 9. h3 Nd7 10. Rd1 Nf8 11. Nb3 b6 12. a4 a5 13. e5 Ne6 14. c4 Ra7 15. Bd2 Rd7 16. Ne1 f6 17. Qe4 Qc7 18. exf6 exf6 19. Bc3 Rde7 20. Qh4 g5 21. Qg3 Nf4 22. Kf1 Bf5 23. Nc1 Qd7 24. Bd2 Ne6 25. h4 h6 26. Ra3 Bg6 27. Rb3 Nd4 28. Rxb6 Qa7 29. Bxa5 Qxa5 30. Rb8 Rxe1+ 0-1

[Event "Berlin Eckbauer op 16th"]
[Site "Berlin"]
[Date "2013.10.07"]
[Round "1"]
[White "Haar, Reinhard"]
[Black "Steiner, Wolfram"]
[Result "0-1"]
[WhiteElo "1698"]
[BlackElo "1978"]
[PlyCount "80"]
[EventDate "2013.10.07"]
[EventType "swiss"]
[EventRounds "7"]
[EventCountry "GER"]
[SourceTitle "EXT 2022"]
[Source "ChessBase"]
[SourceDate "2021.10.06"]
[SourceVersion "1"]
[SourceVersionDate "2021.10.06"]
[SourceQuality "1"]

1. d4 d5 2. c4 c6 3. cxd5 cxd5 4. Nc3 Nc6 5. Nf3 Nf6 6. Bg5 Ne4 7. Bh4 Nxc3 8. bxc3 Qa5 9. Qd2 Bf5 10. e3 e6 11. Bd3 Bg6 12. 0-0 Bd6 13. Rfc1 Rc8 14. Qe2 Qc7 15. Bb5 0-0 16. Bxc6 Qxc6 17. Ne5 Bxe5 18. dxe5 Qc4 19. Qxc4 Rxc4 20. Be7 Rfc8 21. a3 Rxc3 22. Rxc3 Rxc3 23. Bb4 Rc6 24. Rd1 Bc2 25. Rd2 g5 26. f3 Kg7 27. Be7 Kg6 28. h4 gxh4 29. Bxh4 Kf5 30. Bf6 h5 31. Kh2 b5 32. Kh3 a5 33. Rd4 Rc4 34. g4+ hxg4+ 35. fxg4+ Kg6 36. Kh4 b4 37. axb4 axb4 38. Be7 b3 39. Rxc4 dxc4 40. Ba3 c3 0-1

[Event "Berlin Lichtenberger op 12th"]
[Site "Berlin"]
[Date "2013.08.17"]
[Round "1"]
[White "Steiner, Wolfram"]
[Black "Weiss, Daniel"]
[Result "1-0"]
[WhiteElo "1978"]
[BlackElo "1758"]
[PlyCount "53"]
[EventDate "2013.08.17"]
[EventType "swiss"]
[EventRounds "9"]
[EventCountry "GER"]
[SourceTitle "CBM 156 Extra"]
[Source "ChessBase"]
[SourceDate "2013.10.22"]
[SourceVersion "1"]
[SourceVersionDate "2013.10.22"]
[SourceQuality "1"]

1. e4 c5 2. Nf3 Nc6 3. Bb5 e6 4. Bxc6 bxc6 5. 0-0 Nf6 6. Re1 Be7 7. e5 Nd5 8. d3 0-0 9. Nbd2 Nb6 10. Ne4 d5 11. exd6 Bxd6 12. b3 Be7 13. Ba3 Nd7 14. Qd2 f5 15. Nc3 Nb6 16. Rad1 Re8 17. Ne5 Bg5 18. Qe2 Qd4 19. Qh5 Bb7 20. Qf7+ Kh8 21. Qxb7 Re7 22. Qxc6 Rc8 23. Qf3 Qxc3 24. d4 Bd2 25. Qh5 Ree8 26. Re2 Bf4 27. Ng6+ 1-0

[Event "Berlin-ch QT"]
[Site "Berlin"]
[Date "2013.04.06"]
[Round "8"]
[White "Steiner, Wolfram"]
[Black "Shapiro, Yosip"]
[Result "1-0"]
[WhiteElo "2037"]
[BlackElo "2129"]
[PlyCount "68"]
[EventDate "2013.03.30"]
[EventType "swiss"]
[EventRounds "9"]
[EventCountry "GER"]
[SourceTitle "EXT 2023"]
[Source "ChessBase"]
[SourceDate "2022.10.05"]
[SourceVersion "1"]
[SourceVersionDate "2022.10.05"]
[SourceQuality "1"]

1. e4 c6 2. d4 d5 3. e5 Bf5 4. Nf3 e6 5. Be2 Ne7 6. 0-0 Ng6 7. Be3 Nd7 8. c4 dxc4 9. Bxc4 Nb6 10. Nbd2 Be7 11. Bb3 0-0 12. Ne1 Nh8 13. g4 Bg6 14. f4 h6 15. f5 exf5 16. gxf5 Bg5 17. Qe2 Bh5 18. Bxg5 Qxg5+ 19. Qg2 Qxg2+ 20. Kxg2 Rad8 21. Nef3 Nd5 22. Rae1 Bg4 23. Nh4 g5 24. Kg3 Bh5 25. Ng2 f6 26. Ne4 fxe5 27. dxe5 Kg7 28. Nc5 Nc7 29. f6+ Kh7 30. e6 Nxe6 31. Rxe6 b6 32. Re7+ Nf7 33. Nd7 Kg8 34. Nxf8 Kxf8 1-0

[Event "Berlin-ch QT"]
[Site "Berlin"]
[Date "2013.04.05"]
[Round "7"]
[White "Lorenz, Joerg"]
[Black "Steiner, Wolfram"]
[Result "1/2-1/2"]
[WhiteElo "2148"]
[BlackElo "2037"]
[PlyCount "82"]
[EventDate "2013.03.30"]
[EventType "swiss"]
[EventRounds "9"]
[EventCountry "GER"]
[SourceTitle "EXT 2023"]
[Source "ChessBase"]
[SourceDate "2022.10.05"]
[SourceVersion "1"]
[SourceVersionDate "2022.10.05"]
[SourceQuality "1"]

1. e4 e6 2. d4 d5 3. e5 c5 4. c3 Nc6 5. Nf3 Nh6 6. Bxh6 gxh6 7. Be2 cxd4 8. cxd4 Bg7 9. Qd2 0-0 10. Nc3 f6 11. exf6 Qxf6 12. Rd1 Kh8 13. 0-0 Bd7 14. Bb5 Rg8 15. Ne2 Raf8 16. Ng3 Be8 17. Bxc6 bxc6 18. b4 h5 19. Qg5 Qxg5 20. Nxg5 h4 21. Ne2 Bh5 22. Rfe1 Rf6 23. Rd3 Bf8 24. f4 Bxb4 25. Nc3 Rxf4 26. Nxe6 Rf6 27. Re5 Bg6 28. Rh3 Bf5 29. Rf3 Bxc3 30. Rfxf5 Rxf5 31. Rxf5 Re8 32. Rf3 Rxe6 33. Rxc3 Kg7 34. Ra3 Re7 35. Ra6 Rc7 36. Kf2 Kf6 37. Kf3 Kf5 38. Ra3 h5 39. Re3 Rf7 40. Re5+ Kg6+ 41. Ke3 h3 1/2-1/2